000 00753nam a2200205Ia 4500
003 GCL
008 140319s9999 xx 000 0 ara d
040 _aGCL /
_cGCL
082 0 4 _aد
_b050
_bم س
245 1 0 _aالسياسة الدولية ( العدد166 - اكتوبر 2006 )
260 _aالقاهرة :
_bمؤسسة الاهرام
650 0 4 _aالاعتداء الثلاثى على مصر 1956
650 0 4 _aجرائم ضد الانسانية
650 0 4 _aالارهاب الدولى
650 0 4 _aلبنان - حزب الله
650 0 4 _aالبرنامج النووى الايرانى
650 0 4 _aلبنان - الاحوال السياسية
650 0 4 _aالاعتداء الاسرائيلى على لبنان
942 _2ddc
_cCR
999 _c8871
_d8871